[Event "Golden Cleopatra op"]
[Site "Cairo"]
[Date "2016.12.15"]
[Round "3"]
[White "Wageih, Mamdouh"]
[Black "Sadek, Sameh"]
[Result "0-1"]
[WhiteElo "2061"]
[BlackElo "2297"]
[PlyCount "60"]
[EventDate "2016.12.13"]
[EventType "swiss"]
[EventRounds "10"]
[EventCountry "EGY"]
[SourceTitle "CBM 176 Extra"]
[Source "ChessBase"]
[SourceDate "2017.03.02"]
[SourceVersion "1"]
[SourceVersionDate "2017.03.02"]
[SourceQuality "1"]

1. c4 c6 2. Nc3 d5 3. e3 Nf6 4. d4 e6 5. a3 Nbd7 6. f4 Be7 7. Nf3 0-0 8. Be2 dxc4 9. 0-0 b5 10. e4 Bb7 11. Ne5 Nxe5 12. fxe5 Nd7 13. Bf4 Bg5 14. Qd2 Bxf4 15. Qxf4 a6 16. Rf3 Qe7 17. Rg3 c5 18. Qh6 f6 19. Bh5 cxd4 20. Ne2 fxe5 21. Bf3 Rf6 22. Qh4 Raf8 23. Rh3 g6 24. Ng3 d3 25. Qg5 R6f7 26. Qh6 Nc5 27. Re1 Rf4 28. Rh5 d2 29. Rd1 Nd3 30. Nf5 R8xf5 0-1